Animals found in only one country - Statistics

General Stats
  • This quiz has been taken 114 times
  • The average score is 8 of 10
Answer Stats
Hint Answer % Correct
Giant Panda China
100%
Tasmanian Devil Australia
99%
Kiwi New Zealand
99%
Lemur Madagascar
97%
Asiatic Lion India
92%
Javan Rhinoceros Indonesia
90%
Galapagos Giant Turtle Ecuador
85%
Asiatic Cheetah Iran
77%
Sinarapan Philippines
40%
Gelada Ethiopia
28%
No matching quizzes found
Score Distribution
Percent of People with Each Score
Percentile by Number Answered
Your Score History
You have not taken this quiz